| 000 | 00547cam a2200217 4500 | ||
|---|---|---|---|
| 008 | 090401t1994 xxu||||| |||| 00| 0 eng d | ||
| 020 | _a072771693X | ||
| 035 | _a(Sirsi) u5062 | ||
| 041 | _aeng | ||
| 050 | _a658.404 | ||
| 100 | _aMorris, Peter W.G. | ||
| 245 | 4 | _aThe management of projects. | |
| 260 |
_aLondon _bThomes Telford _c1994 |
||
| 300 | _ax,358p. : ill. ; 25cm. | ||
| 350 | _a55 | ||
| 650 | _aHISTORY | ||
| 650 | _aMANAGEMENT-PROJECT MANAGEMENT | ||
| 690 |
_aProject management _96261 |
||
| 942 | _n0 | ||
| 948 | _c04/03/1997 | ||
| 999 |
_c86115 _d86115 |
||